| 000 | 00657nam a2200205Ia 4500 | ||
|---|---|---|---|
| 005 | 20250508150907.0 | ||
| 008 | 008 250505s9999 xx 000 0 eng d | ||
| 037 | _aTextual | ||
| 040 |
_aFEDL _beng _cFEDL |
||
| 041 |
_aeng _2eng |
||
| 084 |
_a301, MAY _qFEDL |
||
| 100 | _aMayo Elton | ||
| 245 | 0 | _aSocial problems of an industrial civilization: With an appendix on the political problem | |
| 260 |
_aLondon, UK _bRoutledge and Kegan Paul Limited _c1949 |
||
| 300 | _axvi,148p | ||
| 490 | _aInternational library of sociology and social reconstruction | ||
| 650 | _aSociology | ||
| 942 |
_cTEXL _h301, MAY |
||
| 999 |
_c1326340 _d1326340 |
||